00302nam a2200097Ia 4500008004000000082001600040100002300056245005000079260006200129300001300191210210b2000 xxu||||| |||| 00| 0 eng d aK494.3 PADN aPADAKANNAYA (K V). aNavodaya dictionary. english-english-kannada. aMangalore.bMangalore Trading Association Pvt Ltd.,c2000 avii,1032